Biblioteka Instytutu Północnego w Olsztynie

Widok standardowy Widok MARC

Pozycja Personal Name

Liczba rekordów, w których użyto hasła: 1

001 - Numer kontrolny

  • control field: 40638

003 - Identyfikator numeru kontrolnego

  • control field: NUKAT

005 - Data i czas ostatniej modyfikacji

  • control field: 20260427115556.0

008 - Dane kontrolne kodowane (40 znaków)

  • fixed length control field: 181218n||a|znnaabn |a aaa |c

010 ## - Numer kontrolny Biblioteki Kongresu

  • numer kontrolny LC: n 2018287642

024 7# - OTHER STANDARD IDENTIFIER

  • Standard number or code: 35154074463711742267
  • Source of number or code: viaf

024 7# - OTHER STANDARD IDENTIFIER

  • Standard number or code: 0000000502709643
  • Source of number or code: isni

024 7# - OTHER STANDARD IDENTIFIER

  • Standard number or code: Q112554594
  • Source of number or code: wikidata

040 ## - Instytucja sporządzająca rekord

  • inst. przygot. dane do rek. khw: KR 295/DAG
  • język haseł przedmiotowych/tezaurus: kaba
  • inst. wprow. rek. khw: KR 295/DAG
  • inst. modyf. rek. khw: WR O/KP

046 ## - Special dates

  • Birth date: 1986

100 1# - Hasło - nazwa osobowa

  • nazwa osobowa w formie ujednoliconej: Gieroń, Roman
  • daty biograficzne: (1986- ).

670 ## - Źródło informacji

  • źródło informacji: Kp. Postępowania karne prowadzone w latach 1947-1955 w sprawach przestępstw okupacyjnych popełnionych przez policjanta granatowego Jana Błażeja : przyczynek do badań nad stosunkami polsko-żydowskimi / Roman Gieroń. - Kraków, 2017 w : Analecta Cracoviensia [T.] 49 (2017), strony 219-247.

670 ## - Źródło informacji

  • źródło informacji: BNPol online

670 ## - Źródło informacji

  • źródło informacji: Półmrok : procesy karne w sprawie przestępstw okupacyjnych popełnianych przez chłopów wobec Żydów w województwie krakowskim / Roman Gieroń. - Kraków, 2020.
  • gdzie znaleziono informację: Biogr.
Biblioteka Instytutu Północnego, ul. Partyzantów 87, 10-402 Olsztyn, email: biblioteka(at)ip.olsztyn.pl